000 00328nam a22001577a 4500
005 20160530141340.0
008 160530b xxu||||| |||| 00| 0 eng d
041 _aeng
082 _b6073
100 _aRC & M
_91536
245 _aBrand Experience
260 _c2007
300 _a3
650 _aManagement
_9241
942 _cBK
999 _c2167
_d2166